000 00343nam a2200145Ia 4500
008 230312s9999||||xx |||||||||||||| ||und||
020 _a1-86100-61-0
082 _a005.276
_bHOM-P
100 _aHomer;alex
245 0 _aProfessional active server pages 3.0
260 _bWrox
_ausa
_c1999
300 _a1277
650 _aComputer
942 _cBK
999 _c1716
_d1716